| 000 | 00000nam 2200000zi 4500 |
| 001 | 9.926793 |
| 003 | CaOODSP |
| 005 | 20240913164400 |
| 006 | m o d f |
| 007 | cr |n||||||||| |
| 008 | 230830e19801208onc ob f000 0|fre d |
| 040 | |aCaOODSP|bfre|cCaOODSP|erda |
| 043 | |an-cn-qu |
| 086 | 1 |aRE22-396/1980F-PDF |
| 245 | 00|aÉtude du marché pour les pièces de fonte grise au Québec : |bsoumise à Expansion économique régionale Canada. |
| 264 | 1|a[Ottawa]: |b[Ministère de l'expansion économique régionale], |cle 8 décembre 1980. |
| 300 | |a1 ressource en ligne (47 pages) |
| 336 | |atexte|btxt|2rdacontent/fre |
| 337 | |ainformatique|bc|2rdamedia/fre |
| 338 | |aressource en ligne|bcr|2rdacarrier/fre |
| 500 | |aÉdition numérisée de l'imprimé [par Innovation, Sciences et Développement économique Canada]. |
| 504 | |aComprend des références bibliographiques. |
| 650 | 6|aFonte|zQuébec (Province) |
| 650 | 0|aCast-iron|zQuébec (Province) |
| 710 | 1 |aCanada. |bMinistère de l'expansion économique régionale, |eorganisme de publication. |
| 856 | 40|qPDF|s728 Ko|uhttps://publications.gc.ca/collections/collection_2024/isde-ised/re22/RE22-396-1980-fra.pdf |